[Event "XVII OOM Podlaskie - Chlopcy"]
[Site "Suwalki"]
[Date "2011.04.15"]
[Round "2.2"]
[White "Gajek, Rados³aw"]
[Black "Niekras, Dawid"]
[Result "1-0"]
[WhiteElo "1997"]
[BlackElo "1789"]
[PlyCount "55"]
[EventDate "2011.??.??"]

1. e4 e5 2. Nf3 Nc6 3. d4 exd4 4. Nxd4 Bc5 5. Nb3 Bb6 6. Nc3 Qf6 7. Qe2 Nge7 8.
Be3 Ne5 9. f4 Bxe3 10. Qxe3 N5g6 11. g3 a6 12. Bg2 d6 13. O-O O-O 14. Rae1 Nc6
15. Nd5 Qd8 16. f5 Nge7 17. f6 Nxd5 18. exd5 Ne5 19. Qg5 Ng6 20. Nd4 gxf6 21.
Rxf6 Kg7 22. Ref1 Bd7 23. Be4 c5 24. Ne6+ Bxe6 25. dxe6 d5 26. Rxf7+ Rxf7 27.
Rxf7+ Kg8 28. Qh6 1-0

[Event "XVII OOM Podlaskie - Chlopcy"]
[Site "Suwalki"]
[Date "2011.04.15"]
[Round "2.3"]
[White "Swiderski, Jaroslaw"]
[Black "Ulanowski, Karol"]
[Result "0-1"]
[WhiteElo "1785"]
[BlackElo "1919"]
[PlyCount "58"]
[EventDate "2011.??.??"]

1. e4 c5 2. Nf3 d6 3. d4 cxd4 4. Qxd4 Nc6 5. Bb5 Bd7 6. Bxc6 Bxc6 7. Nc3 e6 8.
Be3 Nf6 9. O-O-O Be7 10. h3 O-O 11. Qd3 d5 12. e5 Nd7 13. h4 Nc5 14. Qe2 Qb8
15. Nd4 Bd8 16. Qg4 Kh8 17. Rh3 f5 18. exf6 Bxf6 19. Bf4 Bd7 20. Bd2 Qd8 21.
Bg5 Rb8 22. Bxf6 Qxf6 23. Rf3 e5 24. Qg3 Qh6+ 25. Kb1 exd4 26. Rxd4 Bc6 27.
Rdf4 Rxf4 28. Rxf4 Re8 29. Qe3 Qxf4 0-1

[Event "XVII OOM Podlaskie - Chlopcy"]
[Site "Suwalki"]
[Date "2011.??.??"]
[Round "2.4"]
[White "Swiderski, Radoslaw"]
[Black "Ulanowski, Karol"]
[Result "0-1"]
[WhiteElo "1785"]
[BlackElo "1919"]
[PlyCount "54"]
[EventDate "2011.??.??"]

1. e4 c5 2. Nf3 d6 3. d4 cxd4 4. Qxd4 Nc6 5. Bb5 Bd7 6. Bxc6 Bxc6 7. Nc3 e6 8.
Be3 Nf6 9. O-O-O Be7 10. h3 O-O 11. Qd3 d5 12. e5 Nd7 13. h4 Nc5 14. Qe2 Rb8
15. Nd4 Be8 16. Qg4 Kh8 17. Rh3 f5 18. exf6 Bxf6 19. Bg5 Bd7 20. Bxf6 Qxf6 21.
Rf3 e5 22. Qg3 Qh6+ 23. Kb1 exd4 24. Rxd4 Bc6 25. Rdf4 Rxf4 26. Rxf4 Re8 27.
Qe3 Qxf4 0-1

[Event "XVII OOM Podlaskie - Chlopcy"]
[Site "Suwalki"]
[Date "2011.??.??"]
[Round "2.5"]
[White "Koitka, Jakub"]
[Black "Tomaszewski, Kacper"]
[Result "1-0"]
[WhiteElo "1887"]
[BlackElo "1775"]
[PlyCount "79"]
[EventDate "2011.??.??"]

1. e4 c5 2. Nf3 e6 3. d4 cxd4 4. Nxd4 Nc6 5. Nb5 Nf6 6. Bf4 e5 7. Bg5 d6 8.
N1c3 a6 9. Na3 b5 10. Nd5 Be7 11. Bxf6 Bxf6 12. c3 O-O 13. h4 Be6 14. Nc2 h6
15. g3 Bxd5 16. exd5 Ne7 17. Ne3 Ng6 18. Bd3 b4 19. O-O bxc3 20. bxc3 Re8 21.
Be4 Nf8 22. Nf5 Rc8 23. Qf3 Kh8 24. Rab1 Rc5 25. Rb7 Kg8 26. Qg4 Kh8 27. Rxf7
Rc7 28. Qh5 Rxf7 29. Qxf7 Qd7 30. Nxh6 Qxf7 31. Nxf7+ Kg8 32. Nxd6 Rd8 33. Nb7
Rc8 34. Rc1 Rc4 35. Bd3 Ra4 36. c4 Rxa2 37. c5 Nd7 38. c6 Nb6 39. c7 Nc8 40. d6
1-0

[Event "XVII OOM Podlaskie - Chlopcy"]
[Site "Suwalki"]
[Date "2011.??.??"]
[Round "2.6"]
[White "Jarmula, Lukasz"]
[Black "Czerw, Dawid"]
[Result "1-0"]
[WhiteElo "1852"]
[BlackElo "1761"]
[PlyCount "93"]
[EventDate "2011.??.??"]

1. e4 e6 2. d4 d5 3. Nc3 Bb4 4. e5 c5 5. a3 Bxc3+ 6. bxc3 Qc7 7. Qg4 f5 8. Qh5+
g6 9. Qd1 Nc6 10. Nf3 Bd7 11. Bd2 Na5 12. a4 Rc8 13. Bd3 a6 14. O-O b5 15. axb5
axb5 16. dxc5 Nc4 17. Bxc4 bxc4 18. Be3 Ne7 19. h4 Nc6 20. h5 O-O 21. hxg6 hxg6
22. Bd4 Kg7 23. g3 Rh8 24. Kg2 Rh5 25. Qd2 Rch8 26. Rh1 Qd8 27. Rxh5 Rxh5 28.
Rh1 Rxh1 29. Kxh1 Qh8+ 30. Kg2 Nd8 31. Qg5 Kf7 32. Nh4 Nc6 33. Qxg6+ Kf8 34.
Nf3 Ne7 35. Qg5 Be8 36. Qf4 Nc6 37. Ng5 Bd7 38. Qe3 Qh5 39. f3 Qg6 40. Nh3 Ke8
41. Nf4 Qf7 42. Qc1 Nd8 43. Qh1 Qg7 44. Nh5 Qg6 45. Nf6+ Ke7 46. Qh4 Bc6 47.
Nxd5+ 1-0

[Event "XVII OOM Podlaskie - Chlopcy"]
[Site "Suwalki"]
[Date "2011.??.??"]
[Round "2.7"]
[White "Mucha, Piotr"]
[Black "Kulas, Szymon"]
[Result "0-1"]
[WhiteElo "1707"]
[BlackElo "1966"]
[PlyCount "94"]
[EventDate "2011.??.??"]

1. e4 c5 2. Nf3 d6 3. d4 cxd4 4. Nxd4 Nf6 5. Nc3 Nc6 6. Bg5 e6 7. Qd2 a6 8.
O-O-O Bd7 9. f4 b5 10. Bxf6 gxf6 11. Kb1 Qb6 12. Nxc6 Bxc6 13. f5 h5 14. fxe6
fxe6 15. Bd3 Bh6 16. Qe2 Be3 17. Qf3 Qc5 18. Nd5 Bd4 19. c3 Be5 20. b4 Qa7 21.
Nxf6+ Ke7 22. Nxh5 Raf8 23. Qg4 Bxc3 24. Qg5+ Kd7 25. Bc2 Qf2 26. e5 Bd5 27.
Nf6+ Rxf6 28. Rxd5 exd5 29. Qxf6 Qxf6 30. exf6 Bxf6 31. g4 Ke6 32. Bf5+ Ke5 33.
a3 Kd4 34. Kc2 Ke3 35. Re1+ Kf4 36. Re2 Rh3 37. g5 Kxf5 38. gxf6 Kxf6 39. Kb2
Kf5 40. Ka2 d4 41. Kb2 d5 42. Rf2+ Ke4 43. Re2+ Kd3 44. Rg2 Ke3 45. Kc1 Kd3 46.
Rg3+ Rxg3 47. hxg3 Ke2 0-1

[Event "XVII OOM Podlaskie - Chlopcy"]
[Site "Suwalki"]
[Date "2011.??.??"]
[Round "2.8"]
[White "Piotrowski, Przemyslaw"]
[Black "Fronczak, Sebastian"]
[Result "1-0"]
[WhiteElo "1927"]
[BlackElo "1712"]
[PlyCount "81"]
[EventDate "2011.??.??"]

1. e4 c5 2. c3 Nf6 3. d3 Nc6 4. Nf3 d6 5. g3 g6 6. Bg2 Bg7 7. O-O O-O 8. Re1
Bg4 9. h3 Bxf3 10. Qxf3 Rb8 11. Nd2 b5 12. Qe2 Qc7 13. f4 Nd7 14. Nf3 b4 15. c4
Nd4 16. Nxd4 Bxd4+ 17. Be3 Bg7 18. g4 a5 19. h4 a4 20. Rad1 a3 21. b3 Bd4 22.
Bxd4 cxd4 23. Qf2 e5 24. f5 h6 25. Bf3 Kg7 26. Rf1 g5 27. Kg2 f6 28. Rh1 Rh8
29. Rh3 Nc5 30. Qd2 Qa5 31. Rdh1 Rbg8 32. Bd1 Qb6 33. Bc2 Qb8 34. Qe1 Qb7 35.
R1h2 Na6 36. Qh1 Qb8 37. hxg5 hxg5 38. Rh7+ Rxh7 39. Rxh7+ Kf8 40. Qh6+ Ke8 41.
Qxf6 1-0

[Event "XVII OOM Podlaskie - Chlopcy"]
[Site "Suwalki"]
[Date "2011.??.??"]
[Round "2.9"]
[White "Marczuk, Dominik"]
[Black "Maciejewski, Andrzej"]
[Result "1-0"]
[WhiteElo "1918"]
[BlackElo "1721"]
[PlyCount "69"]
[EventDate "2011.??.??"]

1. e4 c5 2. Nf3 Nc6 3. Nc3 e5 4. Bc4 Be7 5. d3 d6 6. h3 Nf6 7. Nd2 a6 8. a4 O-O
9. Nf1 Be6 10. Ne3 Bxc4 11. dxc4 Nd4 12. Ned5 Nxd5 13. Nxd5 f5 14. c3 Nc6 15.
exf5 Rxf5 16. O-O Bg5 17. Qg4 g6 18. Bxg5 Qxg5 19. Qxg5 Rxg5 20. Nf6+ Kg7 21.
Ne4 Rh5 22. Nxd6 b6 23. Rad1 Rd8 24. Rd5 Kf8 25. Rfd1 Rh4 26. Nb7 Rxd5 27. cxd5
Nb8 28. a5 Nd7 29. axb6 Ke7 30. d6+ Ke8 31. Rd5 Rc4 32. Na5 Ra4 33. Nb3 Rc4 34.
b7 Nb8 35. Nxc5 1-0

[Event "XVII OOM Podlaskie - Chlopcy"]
[Site "Suwalki"]
[Date "2011.??.??"]
[Round "2.10"]
[White "Siedlanowski, Lukasz"]
[Black "Eggink, Ryszard"]
[Result "1/2-1/2"]
[WhiteElo "1727"]
[BlackElo "1914"]
[PlyCount "60"]
[EventDate "2011.??.??"]

1. e4 c5 2. Nf3 d6 3. d4 cxd4 4. Nxd4 Nf6 5. Bd3 e6 6. O-O Be7 7. Nc3 a6 8. Kh1
Nbd7 9. f4 Qc7 10. Bd2 b5 11. a3 Bb7 12. Qe2 Nc5 13. b4 Nxd3 14. cxd3 O-O 15.
Rac1 Qd7 16. Rc2 Rac8 17. Be3 Ne8 18. Nb3 f5 19. Bd4 fxe4 20. dxe4 e5 21. fxe5
Rxf1+ 22. Qxf1 dxe5 23. Bc5 Nd6 24. Qd3 Qe6 25. Na5 Rd8 26. Nxb7 Nxb7 27. Nd5
Bxc5 28. bxc5 Na5 29. c6 Nc4 30. c7 Rc8 1/2-1/2

[Event "XVII OOM Podlaskie - Chlopcy"]
[Site "Suwalki"]
[Date "2011.??.??"]
[Round "2.11"]
[White "Beczala, Pawel"]
[Black "Sliwicki, Damian"]
[Result "0-1"]
[WhiteElo "1693"]
[BlackElo "1864"]
[PlyCount "68"]
[EventDate "2011.??.??"]

1. e4 e5 2. Nf3 Nc6 3. d4 exd4 4. Bc4 Nf6 5. e5 d5 6. Bb5 Ne4 7. Nxd4 Bd7 8.
Bxc6 bxc6 9. O-O Bc5 10. Be3 Bb6 11. f3 Ng5 12. f4 Ne4 13. c3 Qe7 14. Nd2 Nxd2
15. Qxd2 g6 16. f5 Bxd4 17. cxd4 Bxf5 18. Bg5 Qe6 19. Bf6 Rg8 20. Rac1 Kd7 21.
Rc5 Rab8 22. a4 Rb6 23. Rfc1 Rgb8 24. Qc3 Rb3 25. Qa5 R3b6 26. Qxa7 Bd3 27. b3
Qg4 28. Qa5 Qxd4+ 29. Kh1 Qf2 30. Rxc6 Be4 31. Rxc7+ Ke6 32. Rg1 Rxb3 33. Qe1
Bxg2+ 34. Rxg2 Qxe1+ 0-1

[Event "XVII OOM Podlaskie - Chlopcy"]
[Site "Suwalki"]
[Date "2011.??.??"]
[Round "2.13"]
[White "Zebracki, Tomasz"]
[Black "Molenda, Marcin"]
[Result "1-0"]
[WhiteElo "1798"]
[BlackElo "1614"]
[PlyCount "69"]
[EventDate "2011.??.??"]

1. e4 c5 2. Nf3 d6 3. c3 Nf6 4. Be2 Nc6 5. d4 cxd4 6. cxd4 g6 7. O-O Bg7 8. Nc3
O-O 9. Bf4 Nh5 10. Bg5 h6 11. Be3 Kh7 12. d5 Nb8 13. Rc1 Bd7 14. Nd4 Bxd4 15.
Qxd4 Nf6 16. h3 Qa5 17. f4 Ne8 18. e5 f6 19. e6 Bc8 20. Bd3 Na6 21. Bxg6+ Kxg6
22. f5+ Kh7 23. Qh4 Rh8 24. Qxh6+ Kg8 25. Qg6+ Ng7 26. Qf7+ Kh7 27. Bh6 Rg8 28.
Rf4 Bxe6 29. dxe6 Qb6+ 30. Kh1 Raf8 31. Rh4 Rxf7 32. Be3+ Nh5 33. Rxh5+ Kg7 34.
Bh6+ Kh7 35. Bf8# 1-0

[Event "XVII OOM Podlaskie - Chlopcy"]
[Site "Suwalki"]
[Date "2011.??.??"]
[Round "2.14"]
[White "Kowalski, Maciej"]
[Black "Gajdamowicz, Patrick"]
[Result "0-1"]
[WhiteElo "1704"]
[BlackElo "1782"]
[PlyCount "81"]
[EventDate "2011.??.??"]

1. d4 Nf6 2. c4 c5 3. d5 b5 4. cxb5 a6 5. b6 d6 6. a4 Qxb6 7. Nc3 Nbd7 8. e4 g6
9. Nf3 Bg7 10. Be2 O-O 11. O-O Qb4 12. Nd2 Ne5 13. h3 Rb8 14. Qc2 Ne8 15. a5 f5
16. Ra4 Qb7 17. f4 Nf7 18. Bd3 Nh6 19. Nc4 fxe4 20. Bxe4 Nf5 21. Nb6 Nd4 22.
Qd1 Bf5 23. Be3 Nc7 24. Bxd4 Bxd4+ 25. Rxd4 cxd4 26. Qxd4 Na8 27. Bxf5 Rxf5 28.
Nca4 Nxb6 29. Nxb6 Qc7 30. b4 Rbf8 31. Qe4 Rxf4 32. Rxf4 Qc1+ 33. Kh2 Qxf4+ 34.
Qxf4 Rxf4 35. b5 axb5 36. a6 Rf8 37. Kg1 b4 38. Nc4 b3 39. h4 Ra8 40. Kf1 Rxa6
41. Ke1 0-1

[Event "XVII OOM Podlaskie - Chlopcy"]
[Site "Suwalki"]
[Date "2011.??.??"]
[Round "2.15"]
[White "Mirski, Michal"]
[Black "Mrozowski, Patryk"]
[Result "1-0"]
[WhiteElo "1776"]
[BlackElo "1676"]
[PlyCount "57"]
[EventDate "2011.??.??"]

1. e4 c5 2. Nf3 d6 3. d4 cxd4 4. Nxd4 a6 5. Nc3 Nf6 6. h3 e6 7. g4 h6 8. Bg2
Be7 9. Be3 Nc6 10. Qe2 Nxd4 11. Bxd4 e5 12. Be3 b5 13. O-O-O Bb7 14. f4 Qa5 15.
Kb1 b4 16. Nd5 Nxd5 17. exd5 Bf6 18. g5 hxg5 19. fxg5 Be7 20. Rhf1 f6 21. gxf6
gxf6 22. Qg4 Qb5 23. Qg7 Kd7 24. Bf3 Rag8 25. Qf7 Kd8 26. Bg4 Re8 27. Rxf6 Bxf6
28. Bb6+ Qxb6 29. Qd7# 1-0

[Event "XVII OOM Podlaskie - Chlopcy"]
[Site "Suwalki"]
[Date "2011.??.??"]
[Round "2.16"]
[White "Kowalczyk, Mariusz"]
[Black "Krawiecki, Stanislaw"]
[Result "1-0"]
[WhiteElo "1765"]
[BlackElo "1520"]
[PlyCount "73"]
[EventDate "2011.??.??"]

1. e4 c5 2. Nf3 d6 3. c3 Nf6 4. Be2 Nc6 5. d3 g6 6. O-O Bg7 7. d4 O-O 8. d5 Nb8
9. Qc2 a6 10. a4 Bg4 11. Be3 Nbd7 12. Nbd2 Ne5 13. h3 Nxf3+ 14. Nxf3 Bd7 15.
Rfd1 Qc7 16. a5 Bb5 17. c4 Bd7 18. Ra2 b5 19. axb6 Qxb6 20. b4 Rab8 21. bxc5
dxc5 22. e5 Bf5 23. Bd3 Bxd3 24. Qxd3 Nd7 25. Bf4 Rbd8 26. Rb1 Qc7 27. Qe3 Qa7
28. e6 Nf6 29. exf7+ Rxf7 30. Ne5 Rb8 31. Rd1 Rbf8 32. Nxf7 Rxf7 33. Qe6 Qb7
34. Rxa6 Nd7 35. Bg3 Bf6 36. Rf1 Kg7 37. Qc6 1-0

[Event "XVII OOM Podlaskie - Chlopcy"]
[Site "Suwalki"]
[Date "2011.??.??"]
[Round "2.17"]
[White "Lewtak, Dominik"]
[Black "Szymanowicz, Maksymilian"]
[Result "0-1"]
[WhiteElo "1750"]
[BlackElo "1596"]
[PlyCount "139"]
[EventDate "2011.??.??"]

1. e4 c6 2. d4 d5 3. Nc3 dxe4 4. Nxe4 Bf5 5. Ng3 Bg6 6. Nf3 Nd7 7. h4 h6 8. h5
Bh7 9. Bd3 Bxd3 10. Qxd3 Qc7 11. Bd2 Ngf6 12. O-O-O e6 13. Ne4 O-O-O 14. g3
Nxe4 15. Qxe4 Nf6 16. Qe2 Bd6 17. Kb1 Rhe8 18. c4 c5 19. Rh4 a6 20. Be3 cxd4
21. Bxd4 Bc5 22. Rc1 Bxd4 23. Nxd4 Qc5 24. Nb3 Qf5+ 25. Ka1 Kb8 26. c5 Rc8 27.
c6 Qb5 28. Qxb5 axb5 29. cxb7 Rxc1+ 30. Nxc1 Kxb7 31. Rb4 Ka6 32. g4 Rc8 33.
Kb1 Rc4 34. Rxc4 bxc4 35. f3 e5 36. b3 Kb5 37. Kc2 e4 38. fxe4 Nxg4 39. bxc4+
Kxc4 40. Nd3 Kd4 41. a4 Ne3+ 42. Kd2 Nc4+ 43. Ke2 Kxe4 44. Nf2+ Kf4 45. Kf1 Kg5
46. Ke2 Kxh5 47. Nd1 Kg5 48. Ne3 Na5 49. Kd3 h5 50. Kc3 h4 51. Kb4 h3 52. Nf1
Nc6+ 53. Kb5 Nd4+ 54. Kc5 Ne6+ 55. Kb6 Kf4 56. a5 Ke5 57. a6 Kd6 58. Kb7 Nc5+
59. Kb6 Nxa6 60. Kxa6 Ke5 61. Kb5 Kf4 62. Kc4 Kf3 63. Kd3 Kf2 64. Nh2 Kg2 65.
Ng4 h2 66. Ne3+ Kg1 67. Kd4 h1=Q 68. Nc4 Qh4+ 69. Kd3 Kf2 70. Nd2 0-1

[Event "XVII OOM Podlaskie - Chlopcy"]
[Site "Suwalki"]
[Date "2011.??.??"]
[Round "2.18"]
[White "Lebiedowicz, Borys"]
[Black "Karpacz, Piotr"]
[Result "0-1"]
[WhiteElo "1689"]
[BlackElo "1747"]
[PlyCount "92"]
[EventDate "2011.??.??"]

1. e4 c5 2. Nf3 e6 3. d4 cxd4 4. Nxd4 a6 5. Bd3 Ne7 6. O-O Nbc6 7. Nb3 g6 8. f4
d6 9. Be3 Bg7 10. c3 O-O 11. N1d2 b5 12. Nf3 b4 13. Nbd4 bxc3 14. bxc3 Qa5 15.
Qc2 Bd7 16. Rab1 Rab8 17. Rb3 Nxd4 18. cxd4 Bb5 19. Bxb5 axb5 20. Qd3 Rb7 21.
Ra3 Qd8 22. Rb1 Qd7 23. Bd2 Rfb8 24. Ra6 Nc8 25. d5 exd5 26. Qxd5 Ra7 27. Rxa7
Qxa7+ 28. Kh1 Qc5 29. Qb3 h6 30. a4 Qc6 31. e5 Qe8 32. axb5 dxe5 33. fxe5 g5
34. Qd5 Ne7 35. Qd6 Ng6 36. b6 g4 37. Nd4 Bxe5 38. Qb4 Qd7 39. Nb3 Qf5 40. Nc5
Bd6 41. Be3 Qh5 42. Bg1 g3 43. Qd4 Be5 44. Qa4 gxh2 45. Bf2 Qf5 46. Nd7 Qxb1+
0-1

[Event "XVII OOM Podlaskie - Chlopcy"]
[Site "Suwalki"]
[Date "2011.??.??"]
[Round "2.19"]
[White "Szymanowski, Mateusz"]
[Black "Ogonowski, Jakub"]
[Result "0-1"]
[WhiteElo "1743"]
[BlackElo "1690"]
[PlyCount "92"]
[EventDate "2011.??.??"]

1. e4 c5 2. Nf3 d6 3. d4 cxd4 4. Nxd4 Nf6 5. Nc3 a6 6. a4 Qc7 7. Be2 e5 8. Nb3
Be7 9. O-O O-O 10. Kh1 b6 11. f4 Bb7 12. Bf3 exf4 13. Bxf4 Nbd7 14. Qe2 Ne5 15.
Bxe5 dxe5 16. Rad1 Rad8 17. g4 h6 18. h3 Rxd1 19. Rxd1 Rd8 20. Rd3 Rxd3 21.
Qxd3 Qd6 22. Kg2 Qxd3 23. cxd3 Bb4 24. Na2 Bd6 25. Nc3 Bc6 26. Nd2 Bb4 27. Bd1
b5 28. axb5 axb5 29. Nf3 Nd7 30. Bc2 Bc5 31. Bb3 Kf8 32. g5 f6 33. gxh6 gxh6
34. Nh4 Bd4 35. Bc2 b4 36. Nd1 Nc5 37. Nf3 b3 38. Nxd4 exd4 39. Bb1 Bb5 40. Nf2
Na4 41. Nd1 Be8 42. Kf2 Bh5 43. Ke1 Bxd1 44. Kxd1 Nxb2+ 45. Kd2 Na4 46. h4 Ke7
0-1

[Event "XVII OOM Podlaskie - Chlopcy"]
[Site "Suwalki"]
[Date "2011.??.??"]
[Round "2.20"]
[White "Osinski, Emi"]
[Black "Smieszek, Wojciech"]
[Result "1-0"]
[WhiteElo "1672"]
[BlackElo "1741"]
[PlyCount "87"]
[EventDate "2011.??.??"]

1. e4 c5 2. Nf3 Nc6 3. d4 cxd4 4. Nxd4 g6 5. Nc3 Bg7 6. Be3 Nf6 7. Be2 O-O 8.
O-O d6 9. Kh1 Nxd4 10. Bxd4 Be6 11. f4 Rc8 12. Qe1 Bc4 13. Rd1 Qd7 14. Bxc4
Rxc4 15. b3 Rcc8 16. Rf2 Ng4 17. Re2 Bxd4 18. Rxd4 Qc6 19. Nd5 Rfe8 20. Qh4 Nf6
21. Rc4 Qd7 22. Qxf6 Rxc4 23. bxc4 exf6 24. Nxf6+ Kg7 25. Nxd7 Rd8 26. Rd2 Rxd7
27. c5 Re7 28. cxd6 Rxe4 29. g4 Re8 30. Kg2 Rd8 31. Kf3 Kf6 32. Ke4 Ke6 33. f5+
Kf6 34. Kd5 gxf5 35. Rf2 Kg7 36. Rxf5 Kf8 37. c4 b6 38. Re5 h6 39. Re3 a6 40.
Rb3 b5 41. c5 Ke8 42. c6 Ra8 43. Re3+ Kd8 44. c7+ 1-0

[Event "XVII OOM Podlaskie - Chlopcy"]
[Site "Suwalki"]
[Date "2011.??.??"]
[Round "2.21"]
[White "Kosmala, Mateusz"]
[Black "Buraczewski, Rafal"]
[Result "1-0"]
[WhiteElo "1719"]
[BlackElo "1631"]
[PlyCount "75"]
[EventDate "2011.??.??"]

1. e4 Nc6 2. Nc3 Nf6 3. d4 d6 4. Nf3 Bg4 5. Be2 e6 6. Be3 d5 7. e5 Nd7 8. O-O
Ncb8 9. Bg5 Be7 10. Bxe7 Qxe7 11. Nb5 Nb6 12. a4 a6 13. Na3 O-O 14. a5 N6d7 15.
c4 dxc4 16. Nxc4 Nc6 17. Qd2 Rfd8 18. Qf4 Bh5 19. Rfd1 Ndb8 20. Ne3 Nb4 21. Bc4
N8c6 22. g4 Bg6 23. h4 Nc2 24. Nxc2 Bxc2 25. Rd2 Nb4 26. Ne1 c5 27. Nxc2 Nxc2
28. Rxc2 Rxd4 29. Qg3 Rad8 30. Rac1 Qd7 31. Be2 Qd5 32. Rxc5 Qa2 33. R1c2 Qb1+
34. Kg2 h6 35. Qe3 h5 36. Qg5 hxg4 37. Rc8 Qxc2 38. Rxd8+ 1-0

[Event "XVII OOM Podlaskie - Chlopcy"]
[Site "Suwalki"]
[Date "2011.??.??"]
[Round "2.22"]
[White "Mazur, Bartlomiej"]
[Black "Nun, Grzegorz"]
[Result "0-1"]
[WhiteElo "1603"]
[BlackElo "1705"]
[PlyCount "108"]
[EventDate "2011.??.??"]

1. e4 c5 2. Nf3 d6 3. d4 cxd4 4. Nxd4 Nf6 5. Nc3 a6 6. Bc4 e6 7. Bb3 Be7 8. O-O
O-O 9. Be3 b5 10. a3 Bb7 11. f3 Nc6 12. Qe1 Nxd4 13. Bxd4 Qc7 14. Qg3 Rad8 15.
Rad1 Kh8 16. Rd2 Rg8 17. Rfd1 Qc6 18. Be3 Rgf8 19. Bf4 Nh5 20. Qg4 Nxf4 21.
Qxf4 Qc5+ 22. Kh1 Bg5 23. Qg3 Bxd2 24. Rxd2 Qe3 25. Rd1 Rfe8 26. Re1 Qc5 27.
Ne2 Qe5 28. c3 Qxg3 29. Nxg3 d5 30. e5 d4 31. c4 d3 32. Kg1 bxc4 33. Bxc4 Rd4
34. b3 Bd5 35. Ne4 Bxe4 36. fxe4 a5 37. Kf2 Red8 38. Ke3 d2 39. Rd1 a4 40. Bd5
exd5 41. Kxd4 dxe4+ 42. Kxe4 axb3 43. Ke3 b2 44. Ke2 Rd5 45. Ke3 b1=Q 46. Rxb1
d1=Q 47. Rxd1 Rxd1 48. g3 Ra1 49. Kf4 Rxa3 50. h4 Kg8 51. g4 Ra4+ 52. Kg5 h6+
53. Kf5 g6+ 54. Kf6 Rxg4 0-1

[Event "XVII OOM Podlaskie - Chlopcy"]
[Site "Suwalki"]
[Date "2011.??.??"]
[Round "2.23"]
[White "Gluszak, Pawel"]
[Black "Chomczyk, Marek"]
[Result "1/2-1/2"]
[WhiteElo "1528"]
[BlackElo "1696"]
[PlyCount "90"]
[EventDate "2011.??.??"]

1. e4 e5 2. Nf3 Nc6 3. Bb5 a6 4. Bc4 d6 5. h3 Nf6 6. d3 g6 7. Nc3 Bg7 8. O-O
O-O 9. Re1 Re8 10. Bg5 Bd7 11. Nd5 b5 12. Bb3 Na5 13. Qd2 Nxb3 14. axb3 c6 15.
Nxf6+ Bxf6 16. Bxf6 Qxf6 17. Qg5 Qxg5 18. Nxg5 h6 19. Nf3 f5 20. b4 Kg7 21. d4
Kf6 22. dxe5+ dxe5 23. Rad1 Rad8 24. Rd6+ Re6 25. Rxe6+ Bxe6 26. exf5 Bxf5 27.
Nxe5 Bxc2 28. Nxc6 Rd6 29. Ne5 Rd4 30. Ng4+ Kg7 31. Ne3 Ba4 32. Re2 Rxb4 33.
Nd5 Rd4 34. Nc7 Rd1+ 35. Kh2 a5 36. Ne6+ Kf6 37. Nc5 Rd4 38. b3 Bxb3 39. Nxb3
Ra4 40. Nc5 Rc4 41. Nd7+ Kg7 42. Rb2 b4 43. Nb6 Rc3 44. Nd5 Rc4 45. Ra2 Rc5
1/2-1/2

[Event "XVII OOM Podlaskie - Chlopcy"]
[Site "Suwalki"]
[Date "2011.04.15"]
[Round "3.1"]
[White "Koitka, Jakub"]
[Black "Khamidov, Komil"]
[Result "1/2-1/2"]
[WhiteElo "1887"]
[BlackElo "2037"]
[PlyCount "103"]
[EventDate "2011.??.??"]

1. e4 e5 2. Nf3 Nc6 3. Bb5 a6 4. Ba4 Nf6 5. O-O b5 6. Bb3 Bc5 7. c3 d6 8. d4
Bb6 9. h3 O-O 10. Be3 Bb7 11. Nbd2 Re8 12. d5 Ne7 13. Bxb6 cxb6 14. Ne1 Ng6 15.
Nd3 Nd7 16. Bc2 Nc5 17. Qf3 Nxd3 18. Bxd3 Qg5 19. Nb3 Nf4 20. Nc1 f5 21. Qg3
Qxg3 22. fxg3 Nxd3 23. Nxd3 fxe4 24. Nf2 e3 25. Ng4 e2 26. Rfe1 Bxd5 27. Rxe2
Rad8 28. Rd2 Bf7 29. Rad1 d5 30. Re1 e4 31. a3 a5 32. Rd4 Kf8 33. Ne3 Re5 34.
Rf1 Ke8 35. Rf2 Rd7 36. Rf5 Rxf5 37. Nxf5 Be6 38. Ne3 Ke7 39. Kf2 Kd6 40. Ke1
Kc5 41. Kd2 b4 42. axb4+ axb4 43. Rxb4 d4 44. Rxd4 Rxd4+ 45. cxd4+ Kxd4 46. Nd1
g6 47. Ne3 h5 48. Nd1 Bc4 49. Ne3 Bd3 50. Nd1 g5 51. Ne3 Ke5 52. Nd1 1/2-1/2

[Event "XVII OOM Podlaskie - Chlopcy"]
[Site "Suwalki"]
[Date "2011.04.15"]
[Round "3.2"]
[White "Jarmula, Lukasz"]
[Black "Gajek, Radoslaw"]
[Result "0-1"]
[WhiteElo "1852"]
[BlackElo "1997"]
[PlyCount "104"]
[EventDate "2011.??.??"]

1. e4 c5 2. Nf3 e6 3. d4 cxd4 4. Nxd4 a6 5. Bd3 Bc5 6. Nb3 Be7 7. Qg4 g6 8. Qe2
d6 9. O-O Nd7 10. Na3 Qc7 11. Nc4 Ngf6 12. Bh6 b5 13. Nca5 Ne5 14. h3 Bd7 15.
f4 Nc6 16. Nxc6 Bxc6 17. Kh2 Bf8 18. Bxf8 Kxf8 19. Rae1 Kg7 20. Nd2 e5 21. fxe5
dxe5 22. g4 Qe7 23. Rf2 Rhf8 24. Ref1 Nd7 25. Qe3 Nc5 26. Qg3 f6 27. g5 fxg5
28. Rxf8 Rxf8 29. Rxf8 Kxf8 30. b4 Nd7 31. Nf3 h6 32. h4 Qxb4 33. hxg5 hxg5 34.
Qxg5 Qd6 35. Qh6+ Ke8 36. Nh4 Nf8 37. Qg5 Kf7 38. Nf3 Nd7 39. Qg3 Qf6 40. Kg2
Qf4 41. Qh3 Nf6 42. Qc8 Bd7 43. Qc7 Ke6 44. Qb6+ Ke7 45. Qc5+ Ke6 46. Qb6+ Kf7
47. Qc7 g5 48. Qxe5 Bh3+ 49. Kxh3 Qxf3+ 50. Qg3 Qh1+ 51. Qh2 g4+ 52. Kg3 Nh5+
0-1

[Event "XVII OOM Podlaskie - Chlopcy"]
[Site "Suwalki"]
[Date "2011.04.15"]
[Round "3.3"]
[White "Ulanowski, Karol"]
[Black "Snihur, Piotr"]
[Result "1-0"]
[WhiteElo "1919"]
[BlackElo "1818"]
[PlyCount "69"]
[EventDate "2011.??.??"]

1. e4 c5 2. Nf3 Nc6 3. d4 cxd4 4. Nxd4 Nf6 5. Nc3 d6 6. Bg5 e6 7. Qd2 a6 8.
O-O-O Qc7 9. f4 b5 10. e5 Nd7 11. Nxc6 Qxc6 12. exd6 Bb7 13. f5 e5 14. Rg1 f6
15. Be3 O-O-O 16. g4 b4 17. Ne2 Qa4 18. Kb1 a5 19. c4 Be4+ 20. Ka1 Bc2 21. Re1
Bb3 22. a3 bxa3 23. Nc3 axb2+ 24. Kxb2 Qb4 25. Nb5 Qxd2+ 26. Bxd2 a4 27. Ba5
Re8 28. c5 Nxc5 29. Rc1 Kd7 30. Rxc5 Bxd6 31. Nxd6 Kxd6 32. Bb4 Rb8 33. Bb5 e4
34. Re1 Rb7 35. Rxe4 1-0

[Event "XVII OOM Podlaskie - Chlopcy"]
[Site "Suwalki"]
[Date "2011.04.15"]
[Round "3.4"]
[White "Kulas, Szymon"]
[Black "Zebracki, Tomasz"]
[Result "1-0"]
[WhiteElo "1966"]
[BlackElo "1798"]
[PlyCount "71"]
[EventDate "2011.??.??"]

1. e4 e6 2. d4 d5 3. Nc3 Nf6 4. e5 Nfd7 5. f4 c5 6. Nce2 Nc6 7. c3 b5 8. Nf3
Qb6 9. a3 Bb7 10. g4 h5 11. Bh3 g6 12. gxh5 Rxh5 13. Bg4 Rh8 14. h4 cxd4 15.
Nexd4 Nxd4 16. Nxd4 O-O-O 17. Be3 Bc5 18. b4 Bxd4 19. Bxd4 Qc7 20. a4 bxa4 21.
Rxa4 g5 22. Rxa7 gxf4 23. Be2 Nb8 24. b5 Qe7 25. h5 Rdg8 26. Qc1 Qg5 27. Qa3
Nd7 28. Rxb7 Kxb7 29. Qa7+ Kc8 30. b6 Kd8 31. b7 f5 32. b8=Q+ Nxb8 33. Qxb8+
Ke7 34. Qc7+ Ke8 35. Qc8+ Qd8 36. Qc6+ 1-0

[Event "XVII OOM Podlaskie - Chlopcy"]
[Site "Suwalki"]
[Date "2011.04.15"]
[Round "3.5"]
[White "Gajdamowicz, Patrick"]
[Black "Piotrowski, Przemyslaw"]
[Result "1-0"]
[WhiteElo "1782"]
[BlackElo "1927"]
[PlyCount "143"]
[EventDate "2011.??.??"]

1. Nc3 d5 2. d4 Nf6 3. Bg5 Bf5 4. e3 e6 5. Bd3 Bxd3 6. cxd3 c5 7. dxc5 Bxc5 8.
d4 Bd6 9. Nf3 O-O 10. O-O Nbd7 11. Rc1 a6 12. Qd3 b5 13. e4 dxe4 14. Nxe4 Be7
15. Bf4 Nxe4 16. Qxe4 Nf6 17. Qb7 Nd5 18. Bd2 Qb6 19. Qxb6 Nxb6 20. Rc6 Nd5 21.
Rfc1 Rfd8 22. Ba5 Re8 23. Bd2 Bb4 24. a3 Bxd2 25. Nxd2 Red8 26. Nf3 Kf8 27. Kf1
Ke8 28. g3 Ne7 29. Rc7 Rac8 30. Ke2 Rxc7 31. Rxc7 Nf5 32. Ra7 Rd6 33. h3 h5 34.
b4 f6 35. g4 hxg4 36. hxg4 Ne7 37. g5 Kf8 38. gxf6 gxf6 39. Ra8+ Kf7 40. Ra7
Ke8 41. Ra8+ Kd7 42. Rf8 Nd5 43. Nd2 Ke7 44. Rc8 Nb6 45. Rc7+ Kd8 46. Rc2 f5
47. Nb3 Nc4 48. Nc5 Ke7 49. Rc3 Kd8 50. Nb7+ Kc7 51. Nxd6 Kxd6 52. Rxc4 bxc4
53. Kd2 e5 54. dxe5+ Kxe5 55. Kc3 Ke4 56. a4 f4 57. b5 axb5 58. axb5 Kd5 59. b6
Kc6 60. Kxc4 Kxb6 61. Kd4 Kc6 62. Ke4 f3 63. Kxf3 Kd5 64. Kf4 Ke6 65. Ke4 Kf6
66. Kf4 Ke6 67. Kg5 Kf7 68. Kf5 Ke7 69. f3 Ke8 70. Ke6 Kf8 71. Kf6 Ke8 72. f4
1-0